Marginal Man/ (Record no. 172734)

MARC details
000 -LEADER
fixed length control field 00555nam a22001817a 4500
005 - DATE AND TIME OF LATEST TRANSACTION
control field 20200212114532.0
010 ## - LCCN (DPL NO)
LC control number ENG-127702
020 ## - INTERNATIONAL STANDARD BOOK NUMBER
Terms of availability 600.00
International Standard Book Number 9788193528334
035 ## - SYSTEM CONTROL NUMBER
System control number EN-111234
037 ## - SOURCE OF ACQUISITION
Source of stock number/acquisition DBAD/PUB
082 ## - DEWEY DECIMAL CLASSIFICATION NUMBER
Classification number N
100 ## - MAIN ENTRY--PERSONAL NAME
Personal name Nivedita,Charu
245 ## - TITLE STATEMENT
Title Marginal Man/
Statement of responsibility, etc by Charu Nivedita
260 ## - PUBLICATION, DISTRIBUTION, ETC. (IMPRINT)
Place of publication, distribution, etc Chennai
Date of publication, distribution, etc 2018
Name of publisher, distributor, etc Zero Degree Publishing
270 ## - ADDRESS
Address 12/7,Bay Line Apatments 2nd Cross street,R.K. Nagar,Thiruvanmiyur,
Postal code 110091
City Chennai
Electronic mail address zerodegreepublishing@gmail.com
300 ## - PHYSICAL DESCRIPTION
Extent 698p.
Other physical details 22cm(pbk)
942 ## - ADDED ENTRY ELEMENTS (KOHA)
Source of classification or shelving scheme Dewey Decimal Classification
Item type English Books
Classification part N
Call number suffix NIV
Holdings
Withdrawn status Lost status Not for loan Collection code Home library Current library Date acquired Source of acquisition Cost, normal purchase price Full call number Barcode Copy number Cost, replacement price Koha item type
      Fiction Central Library Central Library 12/02/2020 DBAD/PUB 600.00 N NIV EN-111234 1 600.00 English Books

© Delhi Public Library
Hit Counter
free hit counter